Управление научно-производственными комплексами / (Record no. 67757)
[ view plain ]
| 000 -LEADER | |
|---|---|
| fixed length control field | 01095nam a22002657a 4500 |
| 001 - CONTROL NUMBER | |
| control field | 000195646 |
| 003 - CONTROL NUMBER IDENTIFIER | |
| control field | AM-YeHGA |
| 005 - DATE AND TIME OF LATEST TRANSACTION | |
| control field | 20250617123858.0 |
| 008 - FIXED-LENGTH DATA ELEMENTS--GENERAL INFORMATION | |
| fixed length control field | 950417s1988 |
| 020 ## - INTERNATIONAL STANDARD BOOK NUMBER | |
| International Standard Book Number | 5335000058 |
| Terms of availability | 00.85 |
| 040 ## - CATALOGING SOURCE | |
| Original cataloging agency | AM-YeHGA |
| 041 0# - LANGUAGE CODE | |
| Language code of text/sound track or separate title | rus |
| 090 ## - LOCALLY ASSIGNED LC-TYPE CALL NUMBER (OCLC); LOCAL CALL NUMBER (RLIN) | |
| -- | 68914 |
| 100 1# - MAIN ENTRY--PERSONAL NAME | |
| Personal name | Моисеев, Геннадий Васильевич |
| 245 10 - TITLE STATEMENT | |
| Title | Управление научно-производственными комплексами / |
| Statement of responsibility, etc. | Г.В. Моисеев, Б.И. Алексеев, Г.П. Ханин. |
| 260 0# - PUBLICATION, DISTRIBUTION, ETC. | |
| Place of publication, distribution, etc. | Киев : |
| Name of publisher, distributor, etc. | Тэхника , |
| Date of publication, distribution, etc. | 1988. |
| 300 ## - PHYSICAL DESCRIPTION | |
| Extent | 146,[2] с. ; |
| Dimensions | 21 см. |
| 500 ## - GENERAL NOTE | |
| General note | ամբողջապես կամ մեկ օրացույցային տարվա ընթացքում հրատարակվող մենագրություն 1988 |
| 500 ## - GENERAL NOTE | |
| General note | այլ |
| 500 ## - GENERAL NOTE | |
| General note | Библиогр.: с. 145-147 (55 назв.) |
| 650 14 - SUBJECT ADDED ENTRY--TOPICAL TERM | |
| Topical term or geographic name entry element | Научно-производственные объединения - Управление |
| 700 1# - ADDED ENTRY--PERSONAL NAME | |
| Personal name | Алексеев, Борис Иванович |
| 700 1# - ADDED ENTRY--PERSONAL NAME | |
| Personal name | Ханин, Геннадий Петрович |
| 942 ## - ADDED ENTRY ELEMENTS (KOHA) | |
| Source of classification or shelving scheme | Universal Decimal Classification |
| Koha item type | Գրքեր / Books |
| Withdrawn status | Lost status | Damaged status | Not for loan | Collection | Home library | Current library | Date acquired | Total checkouts | Full call number | Barcode | Date last seen | Price effective from | Koha item type | Public note |
|---|---|---|---|---|---|---|---|---|---|---|---|---|---|---|
| General | Fundamental Scientific Library | Fundamental Scientific Library | 22/12/2016 | Р2/594495 | FL0022657 | 22/12/2016 | 22/12/2016 | Գրքեր / Books | 30 Days Loan |
ՀՀ Գիտությունների ազգային ակադեմիայի հիմնարար գիտական գրադարան = Fundamental Scientific Library of NAS RA
All site content, except where otherwise noted, is licensed under a